000 00994nam a22002537a 4500
005 20170717150111.0
010 _a1516EN07 ENG-114908
020 _a9789383746903
_c200.00
035 _aEN-98440
035 _aB-612872-901
035 _aB-668064
037 _adpl
_bTechniz/Ven
037 _bDBAD/PUB
082 _a158.1
100 _aJatinder Singh
245 _aWay to success step by step /
_cby Jatinder Singh [and] Ranjeet Mehta
260 _aNew Delhi
_bS.Chand
_c2014
270 _a7361, Ram Nagar
_bDelhi
_e110055
300 _aviii,108p. :
_bill.
_c24cm(pbk)
700 _aMehta,Ranjeet
942 _2ddc
_cEN
_mJAT
_h158.1
999 _c96285
_d96285